000 00413nam a22001457a 4500
020 _a9780071121965
040 _cNust
082 _a620.106
_bFIN
100 _aE. John Finnemore
_9125843
245 _aFluid Mechanics with engineering applications
250 _a10th Edition
260 _aBoston:
_bMcGraw -Hill,
_c2002.
650 _aFluid Mechanics with engineering applications
_9125844
942 _2ddc
_cBK
999 _c611501
_d611501